00381nam a22001337a 450000500170000000800410001702000180005808200200007610000160009624500710011226000320018330000090021550000230022420260209141425.0260209b |||||||| |||| 00| 0 eng d a9781118760635 a658bWEY B22755 aWeybrecht G aThe Sustainable MBA:b A Business Guide to Sustainabilityc2nd Ed. aUKbJohn Wiley & Sonsc2014 a456p aGeneral Management